The Dark side of Globalization/ (Record no. 211399)

MARC details
000 -LEADER
fixed length control field 00642nam a22002057a 4500
005 - DATE AND TIME OF LATEST TRANSACTION
control field 20250523124346.0
010 ## - LCCN (DPL NO)
LC control number ENG-145025
020 ## - INTERNATIONAL STANDARD BOOK NUMBER
International Standard Book Number 9789382059004
Terms of availability 1295.00
035 ## - SYSTEM CONTROL NUMBER
System control number EN-128557
037 ## - SOURCE OF ACQUISITION
Source of stock number/acquisition DBAD
082 ## - DEWEY DECIMAL CLASSIFICATION NUMBER
Classification number 303.48
Edition number 1
245 ## - TITLE STATEMENT
Title The Dark side of Globalization/
Statement of responsibility, etc Edited By Jorge Heine [and] Ramesh Thakur
250 ## - EDITION STATEMENT
Edition statement 1
260 ## - PUBLICATION, DISTRIBUTION, ETC. (IMPRINT)
Place of publication, distribution, etc New Delhi
Name of publisher, distributor, etc Synergy Book India
Date of publication, distribution, etc 2011
270 ## - ADDRESS
Address 24/4800 Ansari Road, Darya Ganj,
City New Delhi
Postal code 110002
300 ## - PHYSICAL DESCRIPTION
Extent xxi, 302p.
Dimensions 23cm(hb)
700 ## - ADDED ENTRY--PERSONAL NAME
Relator code Heine, Jorge
Personal name Editor
9 (RLIN) 81371
700 ## - ADDED ENTRY--PERSONAL NAME
Relator code Thakur, Ramesh
Personal name Editor
9 (RLIN) 81371
942 ## - ADDED ENTRY ELEMENTS (KOHA)
Source of classification or shelving scheme Dewey Decimal Classification
Item type English Books
Call number suffix DAR
Classification part 303.48
Holdings
Withdrawn status Lost status Not for loan Collection code Home library Current library Date acquired Source of acquisition Cost, normal purchase price Full call number Barcode Copy number Cost, replacement price Koha item type
      Non-fiction New Police Line New Police Line 23/05/2025 Delivery of Books Act Division 1295.00 DAR 303.48 EN-128557 1 1295.00 English Books

© Delhi Public Library
Hit Counter
free hit counter